000 00359nam a22001457a 4500
003 OSt
020 _a0735605173
040 _c0
082 _222
_a005.7585
100 _aSoukup, Ron and Delaney, Kalen.
245 _aInside microsoft SQL server 7.0 /
260 _aWashington,
_bMicrosoft Press,
_cc1999.
300 _axxxii, 948 p. ;
_bill. ;
942 _2ddc
_cIT
999 _c4540
_d4540